000 00404nam a2200133Ia 4500
005 20260328101445.0
008 260328s9999||||xx |||||||||||||| ||und||
100 _aBahamón, Alejandro
245 0 _aArquitectura Mineral :
_b Analogías entre el Mundo mineral y la Arquitectura Contemporánea /
_cAlejandro Bahamón
260 _bParramón
300 _a191 p.
650 _aARQUITECTURA CIVIL
942 _cBK
999 _c8444
_d8444